Menestyneimmät urheilujoukkueet - Statistics

Yleistilastot
  • Tätä visaa on pelattu 114 kertaa
  • Keskiarvotulos 6 / 8
Vastaustilastot
sarja menestynein joukkue mestaruuksia % Oikein
Jääkiekon SM-liiga Tappara 13
98%
Veikkausliiga HJK 17
95%
Mestarien liiga Real Madrid 15
93%
Englannin valioliiga Manchester United 13
81%
NHL Montreal Canadiens 24
69%
NFL New England Patriots / Pittsburgh Steelers 6
41%
NBA Boston Celtics 18
38%
MLB New York Yankees 27
36%
Ehtoja vastaavia visoja ei löytynyt
Tulosjakauma
Jokaisen tuloksen saaneiden osuus
Persentiili vastausten määrän mukaan
Tuloshistoriasi
Et ole pelannut tätä visaa